Adversários do Flamengo na Libertadores da América - Statistics

Estatísticas Gerais
  • Esse quiz foi jogado 65 vezes
    27 desde o último reset
  • A pontuação média é 34 de 62
Estatísticas das Respostas
Resposta % Correto
Palmeiras
100%
Boca Juniors
94%
Grêmio
94%
Internacional
94%
Peñarol
94%
River Plate
94%
Santos
94%
Athletico-PR
88%
Atlético-MG
88%
Cruzeiro
88%
Estudiantes LP
88%
LDU Quito
88%
São Paulo FC
88%
Club Olimpia
81%
Emelec
81%
Racing Club-ARG
81%
Vélez Sarsfield
81%
Barcelona-EQU
75%
Bolívar
75%
Club América-MEX
75%
Corinthians
75%
Cusco
75%
Independiente Del Valle
75%
Nacional-URU
75%
Atlético Nacional
69%
Deportivo Táchira
69%
San Lorenzo
69%
Central Córdoba
63%
Independiente Medellín
63%
Sporting Cristal
63%
Universidad Católica-CHI
63%
Caracas FC
56%
Deportes Tolima
50%
Junior Barranquilla
50%
Lanús
50%
San José-BOL
50%
Aucas
44%
Cobreloa
44%
Once Caldas
44%
Talleres
44%
Cerro Porteño
38%
Independiente Santa Fé
38%
Millonarios
38%
Ñublense
38%
América de Cali
31%
Club León
31%
Defensor Sporting
31%
Palestino
31%
Universidad de Chile
31%
Defensa y Justicia
25%
Deportivo Cali
25%
Real Potosí
19%
Unión La Calera
19%
Blooming
13%
Cienciano
13%
Coronel Bolognesi
13%
Jorge Wilstermann
13%
Minervén-VEN
13%
Paraná Clube
13%
Unión Maracaibo
13%
Bella Vista-URU
6%
Universidad de Los Andes
6%
Nenhum quiz correspondente encontrado
Distribuição das Pontuações
Porcentagem de Pessoas com Cada Pontuação
Percentil de Números Respondidos
Sua Pontuação Histórica
Você não jogou esse quiz desde o último reset